<?xml version="1.0" encoding="UTF-8"?>
<record
    xmlns:xsi="http://www.w3.org/2001/XMLSchema-instance"
    xsi:schemaLocation="http://www.loc.gov/MARC21/slim http://www.loc.gov/standards/marcxml/schema/MARC21slim.xsd"
    xmlns="http://www.loc.gov/MARC21/slim">

  <leader>01266nam a2200313 a 4500</leader>
  <controlfield tag="001">BRL_1334</controlfield>
  <controlfield tag="005">20190320211144.0</controlfield>
  <controlfield tag="008">070114s1995----mx-aob####---#000-0#spa-#</controlfield>
  <datafield tag="020" ind1=" " ind2=" ">
    <subfield code="a">9688343439</subfield>
  </datafield>
  <datafield tag="041" ind1=" " ind2=" ">
    <subfield code="a">spa</subfield>
  </datafield>
  <datafield tag="044" ind1=" " ind2=" ">
    <subfield code="a">mx</subfield>
  </datafield>
  <datafield tag="050" ind1=" " ind2="4">
    <subfield code="a">F1219.3.C75</subfield>
    <subfield code="b">.B43 1995</subfield>
  </datafield>
  <datafield tag="100" ind1="1" ind2=" ">
    <subfield code="a">Beauregard Garc&#xED;a, Lourdes</subfield>
    <subfield code="9">12966</subfield>
  </datafield>
  <datafield tag="245" ind1="1" ind2="0">
    <subfield code="a">La magia de los hilos</subfield>
    <subfield code="b">arte y tradici&#xF3;n en el textil de Veracruz</subfield>
    <subfield code="c">texto Lourdes Beauregard Garc&#xED;a, Lourdes Aquino Rodr&#xED;guez y Yosi Anaya ; fotograf&#xED;a Adri&#xE1;n Mendieta P&#xE9;rez.</subfield>
  </datafield>
  <datafield tag="260" ind1=" " ind2=" ">
    <subfield code="a">Xalapa, Veracruz.</subfield>
    <subfield code="b">Universidad Veracruzana</subfield>
    <subfield code="c">1995</subfield>
  </datafield>
  <datafield tag="300" ind1=" " ind2=" ">
    <subfield code="a">147 p.</subfield>
    <subfield code="b">il., fotograf&#xED;a, mapas</subfield>
    <subfield code="c">30 cm.</subfield>
  </datafield>
  <datafield tag="440" ind1=" " ind2="0">
    <subfield code="a">Colecci&#xF3;n Etnogr&#xE1;fica del Instituto de Antropolog&#xED;a. Indumentaria Etnohist&#xF3;rica</subfield>
    <subfield code="9">26559</subfield>
  </datafield>
  <datafield tag="500" ind1=" " ind2=" ">
    <subfield code="a">Au1579</subfield>
  </datafield>
  <datafield tag="500" ind1=" " ind2=" ">
    <subfield code="a">Ver tambi&#xE9;n n&#xFA;mero de sistema 5087 perteneciente al Fondo Contempor&#xE1;neo</subfield>
  </datafield>
  <datafield tag="504" ind1=" " ind2=" ">
    <subfield code="a">Bibliograf&#xED;a: 144-147</subfield>
  </datafield>
  <datafield tag="650" ind1="1" ind2="4">
    <subfield code="a">Indumentaria ind&#xED;gena</subfield>
    <subfield code="z">Veracruz (Estado)</subfield>
    <subfield code="9">12967</subfield>
  </datafield>
  <datafield tag="650" ind1="1" ind2="4">
    <subfield code="a">Industr&#xED;a textil ind&#xED;gena</subfield>
    <subfield code="z">Veracruz (Estado)</subfield>
    <subfield code="9">12968</subfield>
  </datafield>
  <datafield tag="650" ind1="1" ind2="4">
    <subfield code="a">Prendas de vestir</subfield>
    <subfield code="z">Veracruz (Estado)</subfield>
    <subfield code="9">12969</subfield>
  </datafield>
  <datafield tag="700" ind1="1" ind2=" ">
    <subfield code="a">Aquino Rodr&#xED;guez, Lourdes</subfield>
    <subfield code="9">12970</subfield>
  </datafield>
  <datafield tag="700" ind1="1" ind2=" ">
    <subfield code="a">Anaya, Yosi</subfield>
    <subfield code="9">12971</subfield>
  </datafield>
  <datafield tag="700" ind1="1" ind2=" ">
    <subfield code="a">Mendieta P&#xE9;rez, Adri&#xE1;n</subfield>
    <subfield code="e">il.</subfield>
    <subfield code="9">26560</subfield>
  </datafield>
  <datafield tag="902" ind1=" " ind2=" ">
    <subfield code="a">GRL</subfield>
  </datafield>
  <datafield tag="942" ind1=" " ind2=" ">
    <subfield code="2">lcc</subfield>
    <subfield code="c">B</subfield>
  </datafield>
  <datafield tag="999" ind1=" " ind2=" ">
    <subfield code="c">10146</subfield>
    <subfield code="d">10146</subfield>
  </datafield>
  <datafield tag="952" ind1=" " ind2=" ">
    <subfield code="0">0</subfield>
    <subfield code="1">0</subfield>
    <subfield code="4">0</subfield>
    <subfield code="7">0</subfield>
    <subfield code="a">BRL</subfield>
    <subfield code="b">BRL</subfield>
    <subfield code="d">2014-01-07</subfield>
    <subfield code="i">Au1579</subfield>
    <subfield code="l">0</subfield>
    <subfield code="o">F1219.3.C75 .B43 1995 (Au1579)</subfield>
    <subfield code="p">GRL01493</subfield>
    <subfield code="r">2019-03-22 00:00:00</subfield>
    <subfield code="w">2019-03-22</subfield>
    <subfield code="y">B</subfield>
  </datafield>
</record>
